La Suède son peuple et son industrie (Record no. 165901)

MARC details
000 -LEADER
campo de control de longitud fija 00746nam a22002055i 4500
001 - NÚMERO DE CONTROL
campo de control 165901
003 - IDENTIFICADOR DE NÚMERO DE CONTROL
campo de control ES-MaACL
005 - FECHA Y HORA DE LA ÚLTIMA TRANSACCIÓN
campo de control 20251005063131.0
008 - DATOS DE LONGITUD FIJA--INFORMACIÓN GENERAL
campo de control de longitud fija 990415s1900 sw |||| | fre d
040 ## - FUENTE DE CATALOGACIÓN
Centro catalogador/agencia de origen CCPB | B
Lengua de catalogación spa
Centro/agencia transcriptor CCPB | B
100 1# - ENTRADA PRINCIPAL--NOMBRE DE PERSONA
Nombre de persona Sundbärg, Gustav,
Fechas asociadas al nombre 1857-1914
9 (RLIN) 132953
245 13 - MENCIÓN DEL TÍTULO
Título La Suède son peuple et son industrie
Resto del título : exposé historique et statistique /
Mención de responsabilidad, etc. rédigé par Gustav Sunddbärg.
260 ## - PUBLICACIÓN, DISTRIBUCIÓN, ETC.
Lugar de publicación, distribución, etc. Stockholm :
Nombre del editor, distribuidor, etc. [s.n.],
Fecha de publicación, distribución, etc. 1900 (
Fabricante L'Imprimerie Royale)
300 ## - DESCRIPCIÓN FÍSICA
Extensión IX, 528, XX p. ;
Dimensiones 25 cm.
597 #1 - NOTA DE DESCRIPCIÓN FÍSICA
NOTA DE DESCRIPCIÓN FÍSICA Antep.
651 #4 - PUNTO DE ACCESO ADICIONAL DE MATERIA--NOMBRE GEOGRÁFICO
Nombre geográfico Suecia-
Subdivisión general Historia.
9 (RLIN) 137371
752 ## - ENTRADA AGREGADA--NOMBRE JERÁRQUICO DEL LUGAR
País o entidad superior Suecia -
Ciudad Estocolmo
852 ## - LOCALIZACIÓN
Ubicación ES-MaACL
Número de control de estantería G-8867
Nota libre -- Enc. pasta española, conservando la enc. original
Holdings
Estatus retirado Estado de pérdida Estado de daño No para préstamo Colección Biblioteca de origen Biblioteca actual Ubicación en estantería Fecha de adquisición Fuente de adquisición Total de préstamos Signatura topográfica completa Código de barras Visto por última vez Precio de reemplazo Tipo de ítem Koha
        Libros del s. XIX Biblioteca del Ateneo de Madrid Biblioteca del Ateneo de Madrid Sala Pecera Planta 3 17/01/2008     G-8867 1173985 23/02/2023 23/02/2023 Libro impreso antiguo